<?xml version="1.0" encoding="UTF-8"?>
<collection xmlns="http://www.loc.gov/MARC21/slim">
 <record>
  <leader>     na                 </leader>
  <controlfield tag="001">INLIS000000000008981</controlfield>
  <controlfield tag="005">20230522053346</controlfield>
  <datafield tag="035" ind1=" " ind2=" ">
   <subfield code="a">0010-0523000096</subfield>
  </datafield>
  <controlfield tag="007">ta</controlfield>
  <controlfield tag="008">230522                |          | |  </controlfield>
  <datafield tag="082" ind1=" " ind2=" ">
   <subfield code="a">(R)2022 TA-TIA 818</subfield>
  </datafield>
  <datafield tag="084" ind1=" " ind2=" ">
   <subfield code="a">(R)2022 TA-TIA 818 ARG u</subfield>
  </datafield>
  <datafield tag="100" ind1="0" ind2=" ">
   <subfield code="a">ARGA Tri Erlangga</subfield>
  </datafield>
  <datafield tag="245" ind1="1" ind2=" ">
   <subfield code="a">Usulan Penerapan Strategi Pemasaran untuk Meningkatkan Penjualan Ayam Potong di UD Asri Makassar :</subfield>
   <subfield code="b">Tugas Akhir /</subfield>
   <subfield code="c">Arga Tri Erlangga</subfield>
  </datafield>
  <datafield tag="250" ind1=" " ind2=" ">
   <subfield code="a">2022</subfield>
  </datafield>
  <datafield tag="260" ind1=" " ind2=" ">
   <subfield code="a">Makassar :</subfield>
   <subfield code="b">Politeknik ATI Makassar-Teknik Industri Agro,</subfield>
   <subfield code="c">2022</subfield>
  </datafield>
  <datafield tag="300" ind1=" " ind2=" ">
   <subfield code="a">xi, 40 halaman :</subfield>
   <subfield code="b">gambar, tabel ;</subfield>
   <subfield code="c">20,5x28 cm</subfield>
   <subfield code="e">bibliografi; lampiran</subfield>
  </datafield>
  <datafield tag="650" ind1=" " ind2="4">
   <subfield code="a">Tugas Akhir TIA 2022</subfield>
  </datafield>
  <datafield tag="856" ind1=" " ind2=" ">
   <subfield code="a">OPAC (Rak TA TIA 2022)</subfield>
  </datafield>
  <datafield tag="990" ind1=" " ind2=" ">
   <subfield code="a">197/TA TIA 2022</subfield>
  </datafield>
 </record>
</collection>
